000 01432nam a2200349 a 4500
001 ebr10671432
003 CaPaEBR
006 m u
007 cr cn|||||||||
008 100730s2010 nyuad sb 001 0 eng d
010 _z 2010029830
020 _z9781617613180 (softcover)
020 _z9781613240533 (e-book)
040 _aCaPaEBR
_cCaPaEBR
035 _a(OCoLC)709890774
050 1 4 _aQC174.13
_b.Y37 2010eb
082 0 4 _a530.12
_222
100 1 _aYarman, Tolga.
245 1 4 _aThe quantum mechanical framework behind the end results of the general theory of relativity
_h[electronic resource] :
_bmatter is built on a universal matter architecture /
_cTolga Yarman.
260 _aHauppauge, N.Y. :
_bNova Science Publishers,
_cc2010.
300 _ax, 63 p. :
_bill.
490 1 _aPhysics research and technology
504 _aIncludes bibliographical references and index.
533 _aElectronic reproduction.
_bPalo Alto, Calif. :
_cebrary,
_d2013.
_nAvailable via World Wide Web.
_nAccess may be limited to ebrary affiliated libraries.
650 0 _aQuantum theory.
650 0 _aGeneral relativity (Physics)
650 0 _aDiatomic Molecules.
655 7 _aElectronic books.
_2local
710 2 _aebrary, Inc.
830 0 _aPhysics research and technology.
856 4 0 _uhttp://site.ebrary.com/lib/rucke/Doc?id=10671432
_zAn electronic book accessible through the World Wide Web; click to view
999 _c162494
_d162494